Anfitrite: poesía marina inédita de Neftali Agrella
Saved in:
| 主要作者: | |
|---|---|
| 格式: | 图书 |
| 语言: | 西班牙语 |
| 出版: |
Antofagasta
Universidad de Antofagasta
2017
|
| 版: | 1a. ed |
| 主题: | |
| 标签: |
添加标签
没有标签, 成为第一个标记此记录!
|
MARC
| LEADER | 00000cam a2200000 a 4500 | ||
|---|---|---|---|
| 001 | UCC4880 | ||
| 003 | CL-VaPUC | ||
| 008 | 180831e20170000cl |||||||||||||||||spa|d | ||
| 082 | 0 | 4 | |a Ch861 |b AGR |2 21 |
| 100 | 0 | |a Agrella, Neftalí |e author |9 599087 | |
| 245 | 1 | 0 | |a Anfitrite: poesía marina inédita de Neftali Agrella |
| 250 | |a 1a. ed | ||
| 300 | |a 88 p | ||
| 942 | |c BK | ||
| 945 | |d 20180831 12:04:00 |a dcastane | ||
| 260 | |a Antofagasta |b Universidad de Antofagasta |c 2017 | ||
| 650 | 0 | |a Poesías chilenas |9 265280 | |
| 650 | 0 | |a Literatura chilena |9 308278 | |
| 583 | |a last modification |c 20181018 02:03:48 |k Rodrigo Vera | ||
| 999 | |c 372265 |d 372263 | ||
| 952 | |0 0 |1 0 |3 erb |4 0 |6 CH_861_000000000000000_AGR_2017 |7 0 |8 A |9 489608 |a BIBEDU |b BIBEDU |c ES_NOD |i 5494516 |o Ch861 AGR 2017 |p 5494516 |r 2023-08-09 |w 2019-11-24 |y BK |z Catalogado en:20180831 |k LIT | ||